Geometry Dash Levels - Statistics

General Stats
  • This quiz has been taken 2,400 times
  • The average score is 14 of 16
Answer Stats
Hint Answer % Correct
Level 1 Stereo Madness
98%
Level 2 Back On Track
94%
Level 7 Jumper
91%
Level 4 Dry Out
90%
Level 8 Time Machine
90%
Level 6 Can't Let Go
89%
Level 12 Theory of Everything
89%
Level 10 xStep
89%
Level 5 Base After Base
88%
Level 9 Cycles
88%
Level 3 Polargeist
88%
Level 14 Clubstep
86%
Level 11 Clutterfunk
86%
Level 13 Electroman Adventures
84%
Level 16 Hexagon Force
82%
Level 15 Electrodynamix
81%
No matching quizzes found
Score Distribution
Percent of People with Each Score
Percentile by Number Answered
Your Score History
You have not taken this quiz